La comunicación interpersonal: ejercicios educativos

Saved in:
Bibliografiske detaljer
Hovedforfatter: Jiménez Hernández-Pinzón, Fernando (Author)
Format: Bog
Sprog:spansk
Udgivet: Madrid ICCE 1979
Udgivelse:2a. ed
Serier:Educación-96, 12
Fag:
Tags: Tilføj Tag
Ingen Tags, Vær først til at tagge denne postø!

MARC

LEADER 00000nam a2200000 a 4500
001 UCY8560
003 CL-VaPUC
008 950703e19790000SP |||||||||||||||||spa|d
082 0 4 |a 370.19  |b JIM  |2 21 
100 |a Jiménez Hernández-Pinzón, Fernando  |e author  |9 458456 
245 1 3 |a La comunicación interpersonal: ejercicios educativos 
250 |a 2a. ed 
300 |a 190 P 
942 |c BK 
945 |d 19950703 00:00:00  |a cmena 
260 |a Madrid  |b ICCE  |c 1979 
650 0 |a Relaciones interpersonales  |9 307056 
650 0 |a Psicología educacional   |9 307830 
650 7 |a COMUNICACION EN GRUPO  |2 CL-VaPUC  |9 340019 
650 7 |a PSICOLOGIA DE LA COMUNICACION  |2 CL-VaPUC  |9 332059 
650 7 |a COMPORTAMIENTO DE GRUPO  |2 CL-VaPUC  |9 335588 
650 0 |a Comunicación interpersonal   |9 307498 
583 |a last modification  |c 19950703 00:00:00  |k Rodrigo Vera 
490 0 |a Educación-96, 12 
999 |c 235793  |d 235791 
952 |0 0  |1 0  |4 0  |6 370_190000000000000_JIM_1979  |7 0  |8 A  |9 243434  |a BIBEDU  |b BIBEDU  |d 2019-11-18  |i 1524852  |o 370.19 JIM 1979  |p 1524852  |r 2019-11-18  |w 2019-11-18  |y BK  |k EDU